| 000 | 00502nam a22001817a 4500 | ||
|---|---|---|---|
| 999 |
_c26560 _d26560 |
||
| 003 | BDDh-ASL | ||
| 005 | 20231015030646.0 | ||
| 008 | 211013s1956 i ||||| |||| 00| 0 u d | ||
| 040 |
_aBDDh-ASL _cBDDh-ASL |
||
| 082 |
_a297.3181 _bNAH |
||
| 100 | 1 |
_94130 _aNadwi, Abdus Salam |
|
| 245 | 1 | 0 | _aHukamae Islam, Vol.-2: / حکماے اسلام |
| 260 |
_aAzamgarh : _bMarif Press, _c1956. |
||
| 300 |
_a347 p. : _c26 cm. |
||
| 650 | 0 |
_91652 _aIslam |
|
| 650 | 0 |
_92172 _aPhilosophy |
|
| 942 |
_2ddc _cBK |
||